| 000 | 00738nam a22002417a 4500 | ||
|---|---|---|---|
| 005 | 20250227203722.0 | ||
| 008 | 230515b |||||||| |||| 00| 0 eng d | ||
| 017 | _aLD.7319 | ||
| 018 | _a2022 | ||
| 020 | _a97897856251 | ||
| 040 |
_aNLN _bEnglish _eAACR2 |
||
| 050 |
_aDT515.83.A232 _bA3 |
||
| 082 | _a926.10 | ||
| 100 |
_aADEOTI, Moses L. _eaut _963284 |
||
| 245 |
_aBeyond luck and survival / _cMoses Layiwola Adeoti |
||
| 260 |
_aIbadan, Oyo State (P. O. Box 12668) : _bDaily Graphics Nigeria, _c2019. |
||
| 300 |
_axii, 158p. : _bports. ; 21cm. |
||
| 500 | _aBibliography p.153-158 | ||
| 563 | _a(pbk) | ||
| 650 |
_aAdeoti, Moses Layiwola, 1940- _963551 |
||
| 650 |
_aPhysician _vNigeria _xBiography _963552 |
||
| 942 |
_cBK _n0 |
||
| 999 |
_c11216 _d11216 |
||